The models [
| Main Author: | |
|---|---|
| Format: | Book |
| Published: |
London :
Two-can Publishing ,
1990
|
| Series: | Jump craft books
|
| Subjects: |
MARC
| LEADER | 00000cam a2200000 7i4500 | ||
|---|---|---|---|
| 001 | 0000004447 | ||
| 002 | 000004783 | ||
| 005 | 20061214.0 | ||
| 020 | |a 185434062X | ||
| 090 | 0 | 0 | |a 745.5 |b JUM |
| 100 | 1 | |a Owen, Annie | |
| 245 | 1 | 0 | |a The models [ |h great ideas for making and decorating models] |c Annie Owen |
| 260 | |a London : |b Two-can Publishing , |c 1990 | ||
| 300 | |a 32p. ; |c 28cm. | ||
| 490 | 0 | |a Jump craft books | |
| 650 | 0 | 0 | |a Handicraft |x Juvenile literature |
| 999 | |a 030649 |b BUKU |c PINJAMAN |e PERPUSTAKAAN KOMUNITI PETALING JAYA | ||